| 000 | 00562nam a22001817a 4500 | ||
|---|---|---|---|
| 005 | 20231121091127.0 | ||
| 008 | 231121b |||||||| |||| 00| 0 eng d | ||
| 020 | _a0702171085 ; 0702173185 | ||
| 041 | _aEnglish | ||
| 082 | _a342.8 VAN | ||
| 100 |
_avan der Walt, AJ _lEnglish |
||
| 245 |
_aConstitutional Property Law / _cAJ van der Walt |
||
| 250 | _aFifth Edition | ||
| 260 |
_aCape Town : _bJuta and Company Ltd, _c2005 |
||
| 300 |
_bxiv, 494 pages ; _c25,7 cm. |
||
| 650 |
_aLegal practice _bLaw |
||
| 942 |
_cBK _6ALISON_BN_VRIES |
||
| 999 |
_c828 _d828 |
||